000 00752nam a2200217 i 4500
001 157009
003 ES-MaACL
005 20250808053335.0
008 990723m18691875fr |||| |bfre d
040 _aCAM
_bspa
_cCAM
100 1 _aLanfrey, Pierre.
_969996
245 1 0 _aHistoire de Napoleón I /
_cpar P. Lanfrey.
250 _a5e éd.
260 _aParis :
_bCharpentier libraire-éditeur,
_c1869-1875 (
_fImp. générale de Ch. Lahure)
300 _a5 v. ;
_c18 cm.
595 _aTomo 2º, 7ª ed.; t. 3º, 4ª ed.; t. 4º, 3ª ed.; t. 5º, 2ª ed.
600 0 4 _aNapoleón
_bI
_c, Emperador de Francia.
_984910
651 7 _aFrancia-
_xHistoria-
_y1789-1815
_2
_9163994
852 _aES-MaACL
_jD-4637-41
999 _c157009
_d157009